000 00758nam a2200265 i 4500
001 C2-0246417
003 PPAK
005 20180727211158.0
008 030323s2002 enka|||| ||||| | eng d
020 _a0751330809
040 _aPPAK
_beng
_cPPAK
_erda
082 0 4 _a567.9
_223
090 0 0 _a567.9
_bDIX
_dR
100 1 _aDixon, Dougal,
_eauthor
245 1 0 _aDinosaurs :
_bthe good, the bad, an the ugly
264 1 _aLondon :
_bDorling Kindersley ,
_c2002
300 _a96 pages :
_bcolour illustrations ;
_c20 cm
336 _2rdacontent
_atext
337 _2rdamedia
_aunmediated
338 _2rdacarrier
_avolume
490 1 _aDorling Kindersley mega bites
650 1 0 _aDinosaurs
830 0 _aDorling Kindersley mega bites
942 _ddc
_cB
999 _c60354
_d60354